000 00419nam a2200157Ia 4500
008 100122s9999 xx 000 0 und d
082 _b19120
_a211.3
100 _aदांडेकर शं वा
245 _aईश्वरवाद
250 _a1
260 _bय.गो.जोशी
_c1882
300 _a261
630 _aईश्वरवाद
730 _aईश्वरवाद
942 _cBOOK
999 _c408268
_d408265